Estates at Burnaston, near Etwall (Record no. 116621)

MARC details
000 -LEADER
fixed length control field 00668cam a22002055a 4500
001 - CONTROL NUMBER
control field L141145
008 - FIXED-LENGTH DATA ELEMENTS--GENERAL INFORMATION
fixed length control field 071030s1807 xxk eng u
035 ## - SYSTEM CONTROL NUMBER
System control number (Sirsi) u141145
041 0# - LANGUAGE CODE
Language code of text/sound track or separate title eng
100 1# - MAIN ENTRY--PERSONAL NAME
Personal name Shaw
245 00 - TITLE STATEMENT
Title Estates at Burnaston, near Etwall
Remainder of title to be sold by auction by Mr Shaw at the Bell Inn, in Derby, on Thursday the 24th day of December 1807...
260 ## - PUBLICATION, DISTRIBUTION, ETC.
Place of publication, distribution, etc. S.l.
Name of publisher, distributor, etc. s.n.
Date of publication, distribution, etc. [1807]
300 ## - PHYSICAL DESCRIPTION
Extent 1 sheet
Dimensions 33 x 21 cm.
340 ## - PHYSICAL MEDIUM
Material base and configuration Printed
351 ## - ORGANIZATION AND ARRANGEMENT OF MATERIALS
Hierarchical level Single item
500 ## - GENERAL NOTE
General note Annotated in ink and pencil.
651 4# - SUBJECT ADDED ENTRY--GEOGRAPHIC NAME
Geographic name Derbyshire
690 ## - LOCAL SUBJECT ADDED ENTRY--TOPICAL TERM (OCLC, RLIN)
Topical term or geographic name as entry element PROPERTY-PROPERTY ACQUISITION AND DISPOSAL-ACQUISITION AND DISPOSAL AT AUCTION
942 ## - ADDED ENTRY ELEMENTS (KOHA)
Suppress in OPAC 0
Holdings
Withdrawn status Lost status Source of classification or shelving scheme Damaged status Not for loan Home library Current library Shelving location Date acquired Total Checkouts Full call number Barcode Date last seen Copy number Price effective from Koha item type
    Dewey Decimal Classification     London London Basement 30/10/2007   BASEMENT BOX 5 141145-1001 06/08/2019 1 06/08/2019 Archive